LEADER 00428nab a2200145 i 4500 001 000000278218 003 CaOOAMICUS 005 20180831165104.0 008 180831n xx uu u0 0und r 013 $a28998 040 $aSeMil$bita 245 10$a[vedi periodico]. 500 $a2011/2. 773 0 $tPoesia scala a Dio.$dBologna : ESD, copyr. 2011.$z978-88-7094-785-4$w()217228 996 $6245$a[vedi periodico]$9(OLS)http://semarc/title/309439 LEADER 01129nam a2200253 i 4500 001 000000246421 003 CaOOAMICUS 005 20151111000000.0 008 151111s2015 it u000 u ita u 013 $a225326 020 $a978-88-0000-469-5 040 $aSeMil$bita 100 1 $aScola, Angelo,$c.$0(OLS)http://semarc/name/3364 245 10$aLettera agli ammalati. Santo Natale 2015 /$cAngelo Scola Arcivescovo di Milano. 260 $a[S.l. :$bs.n.],$c2015$e(Milano :$fGrafiche Boniardi,$g2015) 300 $a1 pieghevole ;$c15 cm. 650 4$aMalattia - Meditazioni.$0(OLS)http://semarc/subject/12821 650 4$aScola, Angelo - Scritti, discorsi, omelie, lettere pastorali, etc.$0(OLS)http://semarc/subject/5921 850 $aSeMil 852 $aSeMil$W1$xVenegono$y1$m5B III 32/24$j196767$B196767$CSeMilBibl$Z2$F207739 $81 961 $aOmaggio: Altro 996 $6020$a978-88-0000-469-5$9(OLS)http://semarc/number/255348 996 $6245$aLettera agli ammalati. Santo Natale 2015$9(OLS)http://semarc/title/348186 996 $6260$a[S.l. :$bs.n.]$9(OLS)http://semarc/publisher/29751